000 00288nam a22001337a 4500
008 170726b xxu||||| |||| 00| 0 eng d
020 _a2901423905935
041 _aeng
080 _a004
100 _a30
101 _aSHK
245 _aPOWERPOINT 2007
_cZIMMERMAN,B.B
942 _2udc
_cBK
999 _c21946
_d21946